| 000 | 004510000a22001810004500 | ||
|---|---|---|---|
| 020 | _a0-912552-92-1 | ||
| 041 | 0 | _aENG | |
| 082 | 0 | 4 | _aG 266.001 M1146w |
| 100 | 1 | _aMcAlpine, Thomas H. | |
| 245 | 1 | 0 | _aBy word, work and wonder / Thomas H. McAlpine |
| 260 | _aCA., USA : MARC | ||
| 300 | _a151 Pag | ||
| 001 | 7349 | ||
| 942 | _cBK | ||
| 999 |
_c37564 _d37564 |
||
| 336 |
_atexto _btxt _2rdacontent |
||
| 337 |
_2rdamedia _asin mediación _bn |
||
| 338 |
_2rdacarrier _avolumen _bnc |
||